100 Biggest Cities in Canada on a Map - Statistics

General Stats
  • This quiz has been taken 27,560 times
    14,543 since last reset
  • The average score is 30 of 100
Answers on the Map
Answers color-coded by a green-red scale on the quiz's map according to % correct below.
 
Answer Stats
Province Pop City % Correct
ON 5.43 m Toronto
98%
BC 2.64 m Vancouver
97%
QC 3.52 m Montreal
95%
ON/QC 1.48 m Ottawa-Gatineau
93%
AB 1.48 m Calgary
92%
AB 1.41 m Edmonton
92%
QC 839 k Quebec City
90%
MB 834 k Winnipeg
86%
NS 465 k Halifax
81%
BC 397 k Victoria
77%
SK 317 k Saskatoon
76%
SK 249 k Regina
75%
NB 130 k Saint John
75%
NL 212 k St. John's
75%
ON 543 k London
70%
ON 785 k Hamilton
65%
ON 123 k Thunder Bay
62%
ON 422 k Windsor
61%
YT 31.9 k Whitehorse
59%
ON 433 k St. Catharines-Niagara
54%
ON 575 k Kitchener-Cambridge-Waterloo
49%
PE 78.8 k Charlottetown
47%
NB 108 k Fredericton
47%
ON 172 k Kingston
44%
ON 170 k Greater Sudbury
43%
BC 222 k Kelowna
43%
NB 157 k Moncton
43%
AB 100 k Red Deer
43%
BC 114 k Kamloops
41%
ON 76.7 k Sault Ste. Marie
41%
QC 161 k Trois-Rivières
41%
ON 212 k Barrie
33%
AB 76.3 k Medicine Hat
33%
BC 115 k Nanaimo
33%
ON 415 k Oshawa
33%
BC 89.4 k Prince George
33%
QC 227 k Sherbrooke
33%
MB 54.2 k Brandon
30%
BC 195 k Abbotsford-Mission
29%
NS 98.3 k Cape Breton (Sydney)
29%
AB 123 k Lethbridge
29%
ON 165 k Guelph
27%
SK 34.8 k Moose Jaw
27%
AB 73.8 k Wood Buffalo (Fort McMurray)
27%
QC 161 k Saguenay
25%
ON 128 k Peterborough
24%
ON 97.5 k Sarnia
23%
ON 71.7 k North Bay
22%
SK 45.7 k Prince Albert
20%
AB 64.1 k Grande Prairie
18%
ON 41.1 k Timmins
17%
ON 104 k Chatham-Kent (Chatham)
16%
BC 113 k Chilliwack
16%
QC 101 k Drummondville
16%
ON 111 k Belleville-Quinte West
15%
ON 144 k Brantford
15%
ON 61.4 k Cornwall
15%
QC 53.9 k Rimouski
15%
AB/SK 36.5 k Lloydminster
13%
NS 46.1 k Truro
13%
BC 47.3 k Penticton
12%
ON 32.7 k Owen Sound
11%
QC 34.0 k Val-d'Or
11%
BC 67.0 k Vernon
11%
QC 34.8 k Saint-Georges
10%
NB 31.3 k Bathurst
9%
BC 40.7 k Campbell River
9%
NL 29.7 k Corner Brook
9%
BC 27.0 k Cranbrook
9%
QC 90.8 k Granby
9%
ON 33.4 k Orillia
9%
BC 63.2 k Courtenay
8%
QC 27.7 k Sept-Îles
8%
QC 49.6 k Shawinigan
8%
QC 52.9 k Victoriaville
8%
BC 28.7 k Fort St. John
7%
ON 79.2 k Kawartha Lakes (Lindsay)
7%
QC 30.0 k Rivière-du-Loup
7%
QC 42.3 k Rouyn-Noranda
7%
ON 33.2 k Stratford
7%
QC 26.6 k Baie-Comeau
6%
ON 31.6 k Brockville
6%
NS 34.3 k New Glasgow
6%
ON 67.4 k Norfolk (Simcoe)
6%
AB 30.4 k Okotoks
6%
BC 25.7 k Port Alberni
6%
QC 59.9 k Saint-Hyacinthe
6%
ON 46.7 k Woodstock
6%
QC 30.3 k Alma
5%
BC 47.5 k Duncan
5%
NB 27.5 k Miramichi
5%
QC 52.7 k Joliette
4%
ON 27.8 k Midland
4%
BC 31.0 k Parksville
4%
QC 42.7 k Salaberry-de-Valleyfield
4%
QC 41.3 k Sorel-Tracy
4%
MB 32.6 k Winkler
4%
ON 31.0 k Centre Wellington (Fergus)
3%
NS 26.9 k Kentville
3%
QC 28.2 k Thetford Mines
3%
No matching quizzes found
Score Distribution
Percent of People with Each Score
Percentile by Number Answered
Your Score History
You have not taken this quiz since the last reset